O gato Tarzan (Registo nº 4677)

Detalhes MARC
000 -Etiqueta do registo
Cabeçalho 00700nam0a2200229 4500
005 - Identificador da versão
Campo de controlo 20240813122109.0
003 - Persistent Record Identifier
control field http://id.bnportugal.gov.pt/bib/porbase/20501
100 ## - Dados gerais de processamento
Dados gerais de processamento 20190408f198- m y0pory5003 ba
102 ## - Pais de publicação ou produção
País de publicação Portugal
101 0# - Língua de publicação
Língua do texto, banda sonora, etc. Português
215 ## - Descrição física 
Indicação específica da natureza do documento e extensão da espécie [31] p.
Outras indicações físicas il. color
200 1# - Titulo e menção de responsabilidade
Título próprio O gato Tarzan
Informação de outro título e outras histórias
Primeira menção de responsabilidade Eduardo Olímpio
Outras menções de responsabilidade il. de H. Mourato
210 ## - Publicação, Distribuição, etc. 
Lugar da edição, distribuição, etc. [Lisboa]
Nome do editor, distribuidor, etc. Prelo
Data da publicação, distribuição, etc. [198-?]
606 ## - Nome comum usado como assunto
Número de registo de entrada de autoridade 0001335
Palavra de ordem Literatura portuguesa
Subdivisão de assunto Conto
Código do sistema CA
675 ## - Classificação Decimal Universal (CDU)
Notação 821.134.3-34
Edição 3ª ed.
Língua da edição por
702 #1 - Nome de autor-pessoa física (responsabilidade secundária)
Número de registo de entrada de autoridade 0002103
Palavra de ordem Mourato
Outra parte do nome não tomada para palavra de ordem H.
Datas 1947-
Código de função Ilustrador / Técnico de desenho computorizado
700 #1 - Nome de autor-pessoa física (responsabilidade principal)
Número de registo de entrada de autoridade 0002101
Palavra de ordem Olímpio
Outra parte do nome não tomada para palavra de ordem Eduardo
Datas 1933-
966 ## - Identificação da Biblioteca
Sigla EBVEN
942 ## - Elementos de entrada adicionados (Koha)
Tipo de item no Koha Livro
Exemplares
Situação do levantamento Origin of item (home branch) (coded) Biblioteca de empréstimo Código de barras Cota Circulation type (not for loan) Tipo de documento Nota do exemplar Damaged status
  Biblioteca Escolar das Vendas Biblioteca Escolar das Vendas BEV407 8POR OLÍ   Livro Sem mensagem  
  Biblioteca Escolar das Vendas Biblioteca Escolar das Vendas BEV408 8POR OLÍ   Livro Sem mensagem  
  Biblioteca Escolar das Vendas Biblioteca Escolar das Vendas BEV409 8POR OLÍ   Livro Sem mensagem  
  Biblioteca Escolar das Vendas Biblioteca Escolar das Vendas BEV410 8POR OLÍ   Livro Sem mensagem